SELAHADDİN EYYUBİ (Record no. 1193543)

MARC details
000 -LEADER
sabit uzunluktaki kontrol alanı 00239nam a2200097Ia 4500
001 - KONTROL NUMARASI
kontrol alanı 1193543
005 - EN SON İŞLEMİN TARİH VE ZAMANI
kontrol alanı 20250827021713.0
008 - SABİT-UZUNLUKTA VERİ ÖĞELERİ--GENEL BİLGİ
sabit uzunluktaki kontrol alanı 250824s9999 xx 000 0 und d
245 #0 - ESER / YAZAR
ESER ADI SELAHADDİN EYYUBİ
Yazar Adı MERYEM UÇAR
260 ## - YAYIN, DAĞITIM, VB.
YAYIN EVİ ERDEM GENÇ
Holdings
Düşüm durumu Kayıp durumu Hasar Durumu Ödünç verilmez Ana kütüphane Geçerli Kütüphane Edinilen tarih Toplam ödünç verme sayısı Barkod Son görüntüleme tarihi Fiyatın geçerli olmaya başladığı tarih Koha materyal türü
        ADNAN HADİYE SÜRMEGÖZ ORTAOKULU ADNAN HADİYE SÜRMEGÖZ ORTAOKULU 24.08.2025   105910600 27.08.2025 27.08.2025 Books